| 000 | 00929nam a2200301 a 4500 | ||
|---|---|---|---|
| 001 | 4384127 | ||
| 003 | SISC | ||
| 005 | 20160404092830.0 | ||
| 008 | 910321s1990 nyua 000 0 eng | ||
| 010 | _a 91132133 | ||
| 020 | _a0884413462 | ||
| 040 |
_aDLC _cDLC |
||
| 043 | _an-us--- | ||
| 050 | 0 | 0 |
_aHS 3359 _b.G57 1980 |
| 082 |
_aHS 737 _bG44 1980 |
||
| 110 | 2 |
_aGirl Scouts of the United States of America. _910335 |
|
| 245 | 1 | 0 | _aGirl Scout badges and signs / |
| 250 | _aRev. ed. | ||
| 260 |
_aNew York : _bGirl Scouts of the U.S.A., _cc1980. |
||
| 300 |
_a208 p. : _c23 cm. |
||
| 610 | 2 | 0 |
_aGirl Scouts of the United States of America _xInsignia. _913961 |
| 650 |
_aGirl scout _xbadges _913992 |
||
| 650 |
_aGirl scout _xsigns _913993 |
||
| 906 |
_a7 _bcbc _corignew _d3 _encip _f19 _gy-gencatlg |
||
| 942 |
_2lcc _cBK |
||
| 999 |
_c9525 _d9525 |
||